The Only NFL Team To... - Statistics

General Stats
  • This quiz has been taken 65 times
    64 since last reset
  • The average score is 7 of 10
Answer Stats
The only NFL team... Team % Correct
That won a super bowl after an undefeated season Dolphins
89%
Lose four straight super bowls Bills
87%
That went 0-16 but threw a parade around their city Browns
85%
That has come back in the super bowl from 28 - 3 to win Patriots
80%
To three-peat Packers
69%
That, as of 2025, shares a city with another team, has won the super bowl, but the other team hasn't Rams
69%
That has been around since 1898 Cardinals
57%
That went 0-14 in regular season Buccaneers
46%
Kellen Winslow played for Chargers
43%
Has a quarterback in the 100 win club yet hasn't gone to a super bowl Lions
39%
No matching quizzes found
Score Distribution
Percent of People with Each Score
Percentile by Number Answered
Your Score History
You have not taken this quiz since the last reset